000 003670000a22001450004500
003 MACL
040 _aMACL
090 _c43399
_d43397
100 _aYadav, K C
245 _aBhagat Singh Ideas on Freedom Liberty and Revolution
_bJail Notes of A Revolution
260 _bHope India Publication
_c2007
350 _a995
650 _aBiography
942 _cRBKS
_k920/YAD
999 _c42944
_d42944